Územné konanie po zmene územného plánu
Príspevok analyzuje právno-aplikačnú otázku, aký dopad má zmena územnoplánovacej dokumentácie obce na nárok stavebníka na vydanie územného rozhodnutia, ak o jeho vydanie požiadal pred účinnosťou zmien a doplnkov územného plánu. Ide o pomerne časté situácie, ak v čase podania návrhu na vydanie územné...
Guardado en:
| Autor principal: | |
|---|---|
| Formato: | Capítulo de libro |
| Lenguaje: | eslovaco |
| Materias: | |
| Etiquetas: |
Sin Etiquetas, Sea el primero en etiquetar este registro!
|
MARC
| LEADER | 00000naa a2200000 4500 | ||
|---|---|---|---|
| 001 | 0300206 | ||
| 005 | 20240430113229.3 | ||
| 041 | 0 | |a slo | |
| 044 | |a SK | ||
| 245 | 1 | 0 | |a Územné konanie po zmene územného plánu |c Jozef Tekeli |
| 520 | |a Príspevok analyzuje právno-aplikačnú otázku, aký dopad má zmena územnoplánovacej dokumentácie obce na nárok stavebníka na vydanie územného rozhodnutia, ak o jeho vydanie požiadal pred účinnosťou zmien a doplnkov územného plánu. Ide o pomerne časté situácie, ak v čase podania návrhu na vydanie územného rozhodnutia o umiestnení stavby je navrhovaná stavba v súlade s územnoplánovacou dokumentáciou obce, avšak po zmene a doplnkoch územného plánu obce už navrhovaná stavba nie je v súlade s územnoplánovacou dokumentáciou obce, príp. zóny. | ||
| 610 | 2 | 0 | |a plán územný |
| 610 | 2 | 0 | |a dokumentácia |
| 610 | 2 | 0 | |a stavby |
| 610 | 2 | 0 | |a plánovanie územné |
| 610 | 2 | 0 | |a objekty stavebné |
| 100 | 1 | |a Tekeli, Jozef | |